000 00321nam a22001337a 4500
008 170927b xxu||||| |||| 00| 0 eng d
020 _a765145098632
041 _aeng
080 _a37
100 _a47
101 _aEDU
245 _aTHE WORKS CASE SCENARIO SURVISAL HAND BOOK
_cPIVERO.J
942 _2udc
_cBK
999 _c30230
_d30230